Statistics for Guess 70 Valencia footballers by image

Click here to take the quiz!

General Stats

  • This quiz has been taken 54 times
  • The average score is 45 of 70

Answer Stats

Answer% Correct
David Villa
98%
Edinson Cavani
98%
Patrick Kluivert
90%
David Silva
88%
João Cancelo
88%
Shkodran Mustafi
88%
Jordi Alba
86%
Nicolas Otamendi
86%
Jasper Cillessen
82%
Ever Banega
80%
Ferran Torres
80%
Carlos Soler
78%
Jeremy Mathieu
78%
Juan Mata
78%
Mario Kempes
78%
Rodrigo
78%
Dani Parejo
76%
Goncalo Guedes
76%
Paco Alcacer
76%
Romario
76%
Álvaro Negredo
74%
Ezequiel Garay
74%
Francis Coquelin
74%
José Gaya
74%
Didier Deschamps
72%
Joaquin
72%
Bryan Gil
70%
Geoffrey Kondogbia
70%
Aritz Aduriz
68%
Denis Cheryshev
68%
Gaizka Mendieta
68%
Kevin Gameiro
68%
Neto
68%
Santiago Canizares
68%
Alessandro Florenzi
66%
André Gomes
66%
Michy Batshuayi
66%
Seydou Keita
66%
Andrés Guardado
64%
Daniel Wass
64%
Pablo Aimar
64%
Roberto Soldado
64%
Adil Rami
62%
Eliaquim Mangala
62%
Gabriel Paulista
62%
Simone Zaza
60%
Andreas Pereira
56%
Enzo Perez
56%
Diego Alves
54%
Rodrigo De Paul
54%
Carlos Marchena
50%
Ruben Baraja
50%
Sofiane Feghouli
50%
Santi Mina
48%
Andoni Zubizarreta
46%
David Albelda
46%
Jonas
46%
Maxi Gómez
46%
Fernando Morientes
44%
Juan Bernat
44%
Roberto Ayala
44%
Claudio López
42%
Raul Albiol
40%
Predrag Mijatović
38%
Fernando Gago
36%
John Carew
36%
Vicente
36%
Jocelyn Angloma
34%
Miguel Ángel Angulo
28%
Amedeo Carboni
24%

Score Distribution

Percentile by Number Answered

Percent of People with Each Score

Your Score History

You have not taken this quiz